000 02255nam a22003973i 4500
001 EBC31174596
003 MiAaPQ
005 20240617124345.0
007 cr cnu||||||||
008 240613s2024 xx o ||||0 eng d
020 _a9781399519632
_q(electronic bk.)
020 _z9781399519618
040 _aMiAaPQ
_beng
_cMiAaPQ
100 1 _aHumayun Akhtar, Ali.
_964251
245 1 0 _aItaly and the Islamic World :
_bFrom Caesar to Mussolini.
250 _a1st ed.
264 1 _aEdinburgh :
_bEdinburgh University Press,
_c2024.
264 4 _c©2024.
300 _a1 online resource (289 pages)
336 _aText
_btxt
_2rdacontent
337 _aComputermedien
_bc
_2rdamedia
338 _aOnline Resource
_bcr
_2rdacarrier
500 _aE-Book-ProQuest / Fernzugriff nach Registrierung möglich
505 0 _aIntro -- List of Figures -- Timeline -- Glossary -- Sources -- Preface -- 1 Italians in the East (Levante) and the Making of Modern Europe -- 2 After Caesar: The Roman Empire and its Arabian Frontiers -- 3 The Formation of the Papal State during the Early Caliphates -- 4 A New Turn to Carthage (Tunisia) and the Start of the Crusades -- 5 Pisan Trade Hubs from Seville to Crusader Syria -- 6 Genoese Commerce across the Habsburg-Ottoman Mediterranean -- 7 The Venetian Republic Turns Global -- 8 Florentine Commerce and the Renaissance -- 9 Livornans in North Africa during Italian Unification -- 10 Italian Citizens between Rome and the East (Levante) -- 11 The Last Levantines (Gli Levantini) -- Epilogue: Memories of the Levant in Exile -- Notes -- Acknowledgments -- Index.
520 _aNo detailed description available for "Italy and the Islamic World".
653 _aItaly-Foreign relations-Islamic countries.
653 _aIslamic countries-Foreign relations-Italy.
653 _aIslam-Italy.
655 _aFernzugriff
_9230
655 4 _aElectronic books.
776 0 8 _iPrint version:
_aHumayun Akhtar, Ali
_tItaly and the Islamic World
_dEdinburgh : Edinburgh University Press,c2024
_z9781399519618
856 4 0 _uhttps://ebookcentral.proquest.com/lib/maxweberstiftung-ebooks/detail.action?docID=31174596
_zVolltext
942 _cEB
999 _c71356
_d71356